00777nam a2200193 a 450000100100000000500170001000800410002702000180006804000250008610000210011124500440013226000900017630000210026649000410028750400730032883000480040195201170044999900170056600004072520201002034331.0130905s2006 ve 000 0 spa d a9789803964900 aDO-SdBNPbspacBNPHU1 aBerroa, Rei931910aLibro de los fragmentos y otros poemas. aCaracas :bMinisterio de la CulturabFundación Editorial el Perro y la Rana,c2006. a166 p. ;c22 cm.1 aPoesía del mundoacontemporáneos aIncluye referencias bibliográficas y notas al pie de las páginas 0aPoesía del mundopcontemporáneos967123 00102ddc507-18MOaBNPHUbBNPHUcOId2013-09-05iLF1l0o p40725-10r2020-06-25w2020-06-25y1ZNo se presta c40215d40215